Algunos elementos sobre la violencia en la familia en Costa Rica: un estudio nacional en sectores urbanos /
Guardado en:
| 主要作者: | |
|---|---|
| 格式: | Texto |
| 主题: | |
| 标签: |
添加标签
没有标签, 成为第一个标记此记录!
|
MARC
| LEADER | 00000 a a2200000 04500 | ||
|---|---|---|---|
| 001 | 4169 | ||
| 003 | |||
| 040 | |||
| 090 | |a REV0229 (105) 1998 | ||
| 100 | |a Dobles Oropeza, Ignacio | ||
| 245 | |a Algunos elementos sobre la violencia en la familia en Costa Rica: |b un estudio nacional en sectores urbanos / |c Ignacio Dobles Oropeza | ||
| 650 | |a FAMILIA | ||
| 650 | |a MATRIMONIO | ||
| 650 | |a VIOLENCIA | ||
| 650 | |a ZONAS URBANAS | ||
| 650 | |a VALORES SOCIALES | ||
| 650 | |a SISTEMAS DE VALORES | ||
| 650 | |a NORMAS SOCIALES | ||
| 650 | |a ACTITUDES | ||
| 650 | |a SOCIALIZACION | ||
| 773 | |g número 105; páginas 31-52 | ||
| 999 | |c 38513 |d 38513 | ||
